Popular medieval male names (southern France) Quiz Stats

 Plays Quiz not verified by Sporcle

Score 0/27 Timer 06:00
0 Plays Today
Number Name % Correct
73John
83.4%
19James
71.1%
156Peter
70.6%
127William
61.1%
3Robert
50.5%
4Thomas
46.8%
4Matthew
45.7%
14Stephen
42.5%
5Francis
37.9%
5Nicholas
25.3%
7Gerald
24.3%
3Guy
20.6%
10Hugh
15.4%
107Bernard
15.3%
Number Name % Correct
104Raymond
13.8%
83Arnold
7.6%
8Bartholomew
6%
15Bertrand
5.1%
3Elias
1.9%
3German
1.8%
3Sancho
1.6%
41Pons
1.6%
3Berenger
1.6%
3Aimery
1.1%
5Durand
0.9%
16Vital
0.9%
3Sicard
0.7%

You're not logged in!

Compare scores with friends on all Sporcle quizzes.
OR
Log In

Show Comments

Extras

Top Quizzes Today


Score Distribution

Your Account Isn't Verified!

In order to create a playlist on Sporcle, you need to verify the email address you used during registration. Go to your Sporcle Settings to finish the process.

Report this User

Report this user for behavior that violates our Community Guidelines.

Details: